Taking traditional knowledge to the market: the modern image of the ayurvedic and unani industry, 1980-2000 (Record no. 415926)

000 -LEADER
fixed length control field 00638cam a22001697a 4500
008 - FIXED-LENGTH DATA ELEMENTS--GENERAL INFORMATION
fixed length control field 180718b2008 xxu||||| |||| 00| 0 eng d
020 ## - INTERNATIONAL STANDARD BOOK NUMBER
International Standard Book Number 81 250 3315 7
082 ## - DEWEY DECIMAL CLASSIFICATION NUMBER
Classification number O62x54 B631
100 ## - MAIN ENTRY--PERSONAL NAME
Personal name Bode, Maarten
245 ## - TITLE STATEMENT
Title Taking traditional knowledge to the market: the modern image of the ayurvedic and unani industry, 1980-2000
Statement of responsibility, etc. by Maarten Bode
260 ## - PUBLICATION, DISTRIBUTION, ETC.
Place of publication, distribution, etc. Hyderabad
Name of publisher, distributor, etc. Orient Longman
Date of publication, distribution, etc. 2008
300 ## - PHYSICAL DESCRIPTION
Extent 259p.
440 ## - SERIES STATEMENT/ADDED ENTRY--TITLE
Title New Perspectives in South Asian History 21
650 ## - SUBJECT ADDED ENTRY--TOPICAL TERM
Topical term or geographic name entry element Pharmaceutical industry -- India -- History
650 ## - SUBJECT ADDED ENTRY--TOPICAL TERM
Topical term or geographic name entry element Medicine, Arab -- India -- Marketing
650 ## - SUBJECT ADDED ENTRY--TOPICAL TERM
Topical term or geographic name entry element Medicine, Ayurvedic -- India -- Marketing
Holdings
Withdrawn status Lost status Damaged status Not for loan Permanent Location Current Location Date acquired Full call number Barcode Date last seen Price effective from Koha item type
        Indian Institute of Public Administration Indian Institute of Public Administration 2009-03-17 O62x54 B631 83073 2018-07-21 2018-07-21 Book

Powered by Koha